| 000 | 00737nam a2200265Ia 4500 | ||
|---|---|---|---|
| 003 | OSt | ||
| 005 | 20221006144258.0 | ||
| 006 | a|||||r|||| 00| 0 | ||
| 007 | ta | ||
| 008 | 221006b |||||||| |||| 00| 0 eng d | ||
| 020 | _c295.00 | ||
| 024 | _a11,316 | ||
| 037 | _cTextual | ||
| 040 |
_aEASL _cEASL _beng |
||
| 041 |
_2eng _aeng |
||
| 082 | _aU.44450j498.M, N2 | ||
| 100 |
_aHODGSON Brian H _9156171 |
||
| 245 | 0 | _aEssays on the languages, literature and religion of Nepal and Tibet | |
| 260 |
_aNew Delhi _bAsian Educational Services _c1991 |
||
| 300 |
_a124p. _ccm. |
||
| 490 | _v Gen | ||
| 650 | _aGen | ||
| 942 |
_hU.44450j498.M, N2 _cTEXL _2CC |
||
| 999 |
_c1079402 _d1079402 |
||